<?xml version="1.0" encoding="UTF-8"?>
<collection xmlns="http://www.loc.gov/MARC21/slim">
    <record>
        <controlfield tag="001">11640</controlfield>
        <controlfield tag="005">20150325140223.0</controlfield>
        <datafield tag="037" ind1=" " ind2=" ">
            <subfield code="a">TAZ-TFG-2013-639</subfield>
        </datafield>
        <datafield tag="041" ind1=" " ind2=" ">
            <subfield code="a">spa</subfield>
        </datafield>
        <datafield tag="100" ind1="1" ind2=" ">
            <subfield code="a">Agreda Fortuño, María</subfield>
        </datafield>
        <datafield tag="245" ind1="0" ind2="0">
            <subfield code="a">Taller de lactancia materna</subfield>
        </datafield>
        <datafield tag="260" ind1=" " ind2=" ">
            <subfield code="a">Zaragoza</subfield>
            <subfield code="b">Universidad de Zaragoza</subfield>
            <subfield code="c">2013</subfield>
        </datafield>
        <datafield tag="506" ind1=" " ind2=" ">
            <subfield code="a">by-nc-sa</subfield>
            <subfield code="b">Creative Commons</subfield>
            <subfield code="c">3.0</subfield>
            <subfield code="u">http://creativecommons.org/licenses/by-nc-sa/3.0/</subfield>
        </datafield>
        <datafield tag="500" ind1=" " ind2=" ">
            <subfield code="a">Breastfeeding is considered by the OMS to be the perfect food for babies for the first 6 months of life although people are now stopping early due to the lack of information and promotion, physical complications or for social reasons that need time to resolve. As a result people are abandoning breastfeeding. Considering the importance of the child’s and mother ́s health and our responsibility in regard to care and nutrition, information has been gathered on breastfeeding, potencial problems handling of the theme which will be transmitted within an educational health programme. This program has the objetive of enabling parents to follow the correct way to breastfeed in accordance with current recommendations. All of this resulting in an improvement in breastfeeding. Breastfeeding, newborn, Health Education.</subfield>
        </datafield>
        <datafield tag="520" ind1=" " ind2=" ">
            <subfield code="a">La lactancia materna es considerada por la Organización Mundial de la Salud como la alimentación idónea del bebe durante los primeros seis meses de vida, aunque actualmente existe un rechazo o un abandono precoz de la misma por falta de información y promoción, por complicaciones a nivel físico o por razones de índole social que pueden ser resueltas a tiempo evitando así el abandono de la lactancia materna. Considerando la importancia de la salud del niño, de la madre y nuestra responsabilidad en su cuidado y alimentación, se ha realizado una recopilación de información sobre la lactancia materna, su importancia y los problemas potenciales que puede conllevar, para ser transmitida en un programa de educación para la salud que tiene como objetivo principal capacitar a las participantes del mismo para que puedan realizar la lactancia materna de forma adecuada, de acuerdo con las recomendaciones actuales, lo que traerá consigo una mejor y más habitual práctica de la lactancia entre las participantes.</subfield>
        </datafield>
        <datafield tag="521" ind1=" " ind2=" ">
            <subfield code="a">Graduado en Enfermería</subfield>
        </datafield>
        <datafield tag="540" ind1=" " ind2=" ">
            <subfield code="a">Derechos regulados por licencia Creative Commons</subfield>
        </datafield>
        <datafield tag="653" ind1="1" ind2=" ">
            <subfield code="a">lactancia materna</subfield>
        </datafield>
        <datafield tag="653" ind1="1" ind2=" ">
            <subfield code="a">recién nacido</subfield>
        </datafield>
        <datafield tag="653" ind1="1" ind2=" ">
            <subfield code="a">educación sanitaria</subfield>
        </datafield>
        <datafield tag="700" ind1=" " ind2=" ">
            <subfield code="a">Ayensa Vázquez, José Ángel</subfield>
            <subfield code="e">dir.</subfield>
        </datafield>
        <datafield tag="710" ind1="2" ind2=" ">
            <subfield code="a">Universidad de Zaragoza</subfield>
            <subfield code="b">Fisiatría y Enfermería</subfield>
            <subfield code="c">Enfermería</subfield>
        </datafield>
        <datafield tag="856" ind1="0" ind2=" ">
            <subfield code="f">484529@celes.unizar.es</subfield>
        </datafield>
        <datafield tag="856" ind1="4" ind2=" ">
            <subfield code="s">2104290</subfield>
            <subfield code="u">http://zaguan.unizar.es/record/11640/files/TAZ-TFG-2013-639_ANE.pdf</subfield>
            <subfield code="y">Anexos (spa)</subfield>
        </datafield>
        <datafield tag="856" ind1="4" ind2=" ">
            <subfield code="s">3067106</subfield>
            <subfield code="u">http://zaguan.unizar.es/record/11640/files/TAZ-TFG-2013-639.pdf</subfield>
            <subfield code="y">Memoria (spa)</subfield>
        </datafield>
        <datafield tag="909" ind1="C" ind2="O">
            <subfield code="o">oai:zaguan.unizar.es:11640</subfield>
            <subfield code="p">trabajos-fin-grado</subfield>
            <subfield code="p">driver</subfield>
        </datafield>
        <datafield tag="950" ind1=" " ind2=" ">
            <subfield code="a"></subfield>
        </datafield>
        <datafield tag="980" ind1=" " ind2=" ">
            <subfield code="a">TAZ</subfield>
            <subfield code="b">TFG</subfield>
            <subfield code="c">EUCS</subfield>
        </datafield>
    </record>

    
</collection>